Πατήστε τις Ευρωπαϊκές Πρωτεύουσες στον Χάρτη - Statistics

General Stats
  • This quiz has been taken 34 times
  • The average score is 15 of 45
Answers on the Map
Answers color-coded by a green-red scale on the quiz's map according to % correct below.
 
Answer Stats
Answer % Correct
Άμστερνταμ
52%
Λουξεμβούργο
52%
Σκόπια
52%
Πράγα
48%
Τίρανα
48%
Βρυξέλλες
43%
Λισαβόνα
43%
Άγιος Μαρίνος
43%
Βαλέτα
43%
Βατικανό
43%
Βουδαπέστη
38%
Δουβλίνο
38%
Ελσίνκι
38%
Ποντγκόριτσα
38%
Βιέννη
38%
Ρώμη
38%
Αθήνα
33%
Κίεβο
33%
Λονδίνο
33%
Μαδρίτη
33%
Παρίσι
33%
Πρίστινα
33%
Σαράγιεβο
33%
Ταλίν
33%
Βίλνιους
33%
Βαρσοβία
33%
Ζάγκρεμπ
33%
Ανδόρρα λα Βέλλα
33%
Βελιγράδι
29%
Βερολίνο
29%
Βέρνη
29%
Κοπεγχάγη
29%
Λιουμπλιάνα
29%
Μινσκ
29%
Μονακό
29%
Μόσχα
29%
Όσλο
29%
Σόφια
29%
Μπρατισλάβα
24%
Κισινάου
24%
Ρέικιαβικ
24%
Ρίγα
24%
Στοκχόλμη
24%
Βαντούζ
24%
Βουκουρέστι
19%
No matching quizzes found
Score Distribution
Percent of People with Each Score
Percentile by Number Answered
Your Score History
You have not taken this quiz